The Diary of a Young Girl / (Record no. 518)

000 -LEADER
fixed length control field 00752nam a2200253 a 4500
008 - FIXED-LENGTH DATA ELEMENTS--GENERAL INFORMATION
fixed length control field 190909s2001 ii ||||g |||| 00| 0aeng d
020 ## - INTERNATIONAL STANDARD BOOK NUMBER
International Standard Book Number 9780141007212
Terms of availability Rs 299.00
040 ## - CATALOGING SOURCE
Original cataloging agency IMU Kochi Library
Language of cataloging eng
041 0# - LANGUAGE CODE
Language code of text/sound track or separate title eng
044 ## - COUNTRY OF PUBLISHING/PRODUCING ENTITY CODE
MARC country code India
082 ## - DEWEY DECIMAL CLASSIFICATION NUMBER
Edition number 23
Classification number 940.5318092
Item number F8511
100 1# - MAIN ENTRY--PERSONAL NAME
Personal name Frank, Anne
245 ## - TITLE STATEMENT
Title The Diary of a Young Girl /
260 ## - PUBLICATION, DISTRIBUTION, ETC. (IMPRINT)
Place of publication, distribution, etc New Delhi :
Name of publisher, distributor, etc Penguin Books India Pvt. Ltd. ,
Date of publication, distribution, etc 2001
300 ## - PHYSICAL DESCRIPTION
Extent 426 p. ;
Dimensions 20 cm.
600 ## - SUBJECT ADDED ENTRY--PERSONAL NAME
Personal name Frank, Anne
650 #0 - SUBJECT ADDED ENTRY--TOPICAL TERM
Topical term or geographic name as entry element World War, 1939-1945
Form subdivision Diaries
650 #0 - SUBJECT ADDED ENTRY--TOPICAL TERM
Topical term or geographic name as entry element Personal narratives, Jewish
Geographic subdivision Netherlands -- Amsterdam
700 ## - ADDED ENTRY--PERSONAL NAME
Personal name Frank, Otto H.
Relator term Editor
700 ## - ADDED ENTRY--PERSONAL NAME
Personal name Pressler, Mirjam
Relator term Editor
852 ## - LOCATION/CALL NUMBER
Location IMU Kochi Library
904 ## - LOCAL DATA ELEMENT D, LDD (RLIN)
CATALOGER Akhil Bose
942 ## - ADDED ENTRY ELEMENTS (KOHA)
Item type Books
Holdings
Withdrawn status Lost status Source of classification or shelving scheme Damaged status Not for loan Collection code Permanent location Current location Shelving location Date acquired Source of acquisition Cost, normal purchase price Total Checkouts Total Renewals Full call number Barcode Date last seen Date last borrowed Koha item type Public note
          Non-fiction IMU Kochi Library IMU Kochi Library Fiction & General 2013-03-06 M/s Gemini Book House (Inv. No. 77 dt. 2013-02-18) 299.00 14 3 940.5318092 F8511 BK002254 2026-04-20 2026-03-19 Books Shelf-19, Row-4
          Non-fiction IMU Kochi Library IMU Kochi Library Fiction & General 2013-03-05 M/s Gemini Book House (Inv. No. 79 dt. 2013-02-18) 299.00 3   940.5318092 F8511 BK000630 2025-10-28 2025-10-14 Books Shelf-19, Row-4


Copyright © All Rights Reserved by Indian Maritime University, Kochi Campus.
For any Suggestions/Query Contact to library or Email: library.kochi@imu.ac.in Ph:(0484)-2989402
(Web OPAC Designed by Rudra Ranjan. Maintained by IMU Kochi Library)

Powered by Koha